| 000 | 01053cam a2200445 4500 | ||
|---|---|---|---|
| 001 | WS110892 | ||
| 008 | 000000n 000 0 eng u | ||
| 035 | _a(Sirsi) u110892 | ||
| 245 | _aEU Business | ||
| 520 | _aSite giving European business news, searchable and browsable by country or industry. | ||
| 650 | _aWEB SITE | ||
| 650 | _aEUROPE | ||
| 650 | _aSTATISTICS | ||
| 650 | _aFINANCE | ||
| 650 | _aINTERNATIONAL | ||
| 650 | _aAGRICULTURE | ||
| 650 |
_aENERGY _96237 |
||
| 650 |
_aEnvironment _96238 |
||
| 650 | _aTRANSPORT | ||
| 650 | _aTENDERS | ||
| 650 | _aAUSTRIA | ||
| 650 | _aBELGIUM | ||
| 650 | _aDENMARK | ||
| 650 | _aFINLAND | ||
| 650 | _aFRANCE | ||
| 650 | _aGERMANY | ||
| 650 | _aGREECE | ||
| 650 | _aICELAND | ||
| 650 | _aEIRE | ||
| 650 | _aLUXEMBOURG | ||
| 650 | _aNETHERLANDS | ||
| 650 | _aNORWAY | ||
| 650 | _aPORTUGAL | ||
| 650 | _aSPAIN | ||
| 650 | _aSWEDEN | ||
| 650 | _aSWITZERLAND | ||
| 690 | _aMANAGEMENT-BUSINESS MANAGEMENT | ||
| 856 | _uhttps://www.eubusiness.com | ||
| 942 | _n0 | ||
| 999 |
_c119774 _d119774 |
||